• 首页
  • 本馆介绍
  • 公告通知
  • 最新文献
  • 馆藏检索
  • 电子资源
  • 读者导购
  • 参考咨询
  • 我的图书馆
  • 登录
  • 详细信息显示
  • 放入我的书架
  • 预约/预借图书
  • 作者相关作品
  • 分类相关作品
  • 丛书相关作品
  • 出版社相关作品

书目信息

  • 表格格式
  • 工作单格式
  • 卡片格式
题名:
语言的认知研究
    
 
作者: 束定芳 主编 ;《外国语》编辑部 编
分册:  
出版信息: 上海   上海外语教育出版社  2004
页数: 15,605页
开本: 20cm
丛书名:
单 册:
中图分类: H0-53
科图分类:
主题词: 认知--语言学--文集
电子资源:
ISBN: 7-81080-893-1
000 01231nam0 2200277 450
001 020000012616
005 20051115093801.82
010    @a7-81080-893-1@dCNY29.00
092    @aCN
100    @a20040601d2004 ekmy0chiy0120 ea
101 0  @achi
102    @aCN@b110000
105    @ay az 000yy
200 1  @a语言的认知研究@9yu yan de ren zhi yan jiu@e认知语言学论文精选@f束定芳主编@Fshu ding fang zhu bian@g《外国语》编辑部编
210    @a上海@c上海外语教育出版社@d2004
215    @a15,605页@d20cm
300    @a全国高校外语学刊研究会系列学术论文集
320    @a有书目
330    @a本论文集收录了“首届全国认知语言学研讨会”提交的部分论文及20年来国内语言学刊物上发表的认知语言学研究论文中精选出的论文30余篇,可以说基本集中了国内认知语言学研究代表性的成果。全书分为“概论”、“句法与词汇”、“汉语的认知语言学研究”、“隐喻研究”、“心理空间理论”5个部分,是对认知语言学感兴趣的语言学研究者、外语教师和研究生不可缺少的参考资料。
517 1  @a认知语言学论文精选@9ren zhi yu yan xue lun wen jing xuan
606 0  @a认知@x语言学@j文集
690    @aH0-53@v4
701  0 @a束定芳@Ashu ding fang@4主编
712 02 @a《外国语》编辑部@9《 wai guo yu》 bian ji bu@4编
801  0 @aCN@bTSSF@c20051115
905    @a10447@dH0-53@e127
    
    语言的认知研究:认知语言学论文精选/束定芳主编/《外国语》编辑部编.-上海:上海外语教育出版社,2004
    15,605页;20cm
    全国高校外语学刊研究会系列学术论文集
    
    ISBN 7-81080-893-1:CNY29.00
    本论文集收录了“首届全国认知语言学研讨会”提交的部分论文及20年来国内语言学刊物上发表的认知语言学研究论文中精选出的论文30余篇,可以说基本集中了国内认知语言学研究代表性的成果。全书分为“概论”、“句法与词汇”、“汉语的认知语言学研究”、“隐喻研究”、“心理空间理论”5个部分,是对认知语言学感兴趣的语言学研究者、外语教师和研究生不可缺少的参考资料。
●
相关链接 在E读中查询图书 在五车中查询图书 在当当中查询图书 在豆瓣中查询图书


正题名:语言的认知研究     索取号:H0-53/127         预约/预借

序号 登录号 条形码 馆藏地/架位号 状态 备注
1 0367482   203674826   第二样本阅览室/ [索取号:H0-53/127] 在馆    
2 0367483   203674835   第四借阅区/ [索取号:H0-53/127] 在馆    
3 0367484   203674844   第四借阅区/ [索取号:H0-53/127] 在馆    
4 0367485   203674853   第四借阅区/ [索取号:H0-53/127] 在馆    
5 0367486   203674862   第四借阅区/ [索取号:H0-53/127] 在馆    
唐山师范学院图书馆 欢迎您!
大连网信软件有限公司© 版权所有